Taylor Swift song - one word at the time #2 - Statistics

General Stats
  • This quiz has been taken 25 times
  • The average score is 160 of 241
Answer Stats
Answer % Correct
I
100%
love's
100%
the
95%
you
95%
You
95%
a
89%
My
89%
me
89%
My
89%
my
89%
it
84%
This
84%
this
84%
Your
84%
your
84%
do
79%
folklore
79%
on
79%
only
79%
did
74%
Hoax
74%
hoax
74%
in
74%
just
74%
no
74%
No
74%
one
74%
they
74%
was
74%
when
74%
of
68%
so
68%
what
68%
blue
63%
but
63%
But
63%
Don't
63%
down
63%
for
63%
know
63%
want
63%
would
63%
as
58%
As
58%
back
58%
believe
58%
has
58%
knew
58%
left
58%
New
58%
other
58%
shade
58%
won
58%
world
58%
died
53%
hard
53%
have
53%
hero
53%
movie
53%
night
53%
part
53%
sadness
53%
what's
53%
York
53%
apart
47%
broken
47%
come
47%
dark
47%
Darling
47%
door
47%
faithless
47%
from
47%
From
47%
heart
47%
hurts
47%
keeping
47%
let
47%
point
47%
pulled
47%
reason
47%
scars
47%
score
47%
still
47%
underneath
47%
am
42%
cliffside
42%
eclipsed
42%
frozen
42%
Give
42%
gun
42%
kingdom
42%
knife
42%
password
42%
screaming
42%
sleepless
42%
Stood
42%
sun
42%
twisted
42%
undone
42%
ash
37%
beaten
37%
best
37%
fire
37%
ground
37%
smoking
37%
barren
32%
fight
32%
hand
32%
land
32%
drum
26%
laid
26%
plan
26%
winless
26%
sleight
21%
No matching quizzes found
Score Distribution
Percent of People with Each Score
Percentile by Number Answered
Your Score History
You have not taken this quiz